Statistics for Cities in Tiny Rails - Pt 2

Click here to take the quiz!

General Stats

  • This quiz has been taken 4 times
    (2 since last reset)
  • The average score is 118 of 442

Answer Stats

RegionCountryCity% Correct
Africa WestIvory CoastAbidjan
100%
Africa WestNigeriaAbuja
100%
Africa WestGhanaAccra
100%
Africa EastEthiopiaAddis Ababa
100%
Oceania WestAustraliaAdelaide
100%
Africa EastEgyptAlexandria
100%
Africa WestAlgeriaAlgiers
100%
Africa SouthMadagascarAntananarivo
100%
Africa EastEritreaAsmara
100%
Africa EastEgyptAswan
100%
Oceania EastNew ZealandAuckland
100%
Africa WestMaliBamako
100%
Africa CenterCARBangui
100%
Africa WestGuinea-BissauBissau
100%
Africa CenterCongoBrazzaville
100%
Oceania EastAustraliaBrisbane
100%
Africa EastEgyptCairo
100%
Oceania EastAustraliaCanberra
100%
Africa SouthSouth AfricaCape Town
100%
Africa WestMoroccoCasablanca
100%
Africa WestSenegalDakar
100%
Africa CenterTanzaniaDar es Salaam
100%
Oceania WestAustraliaDarwin
100%
Southeast Asia EastEast TimorDili
100%
Africa EastDjiboutiDjibouti
100%
Africa CenterTanzaniaDodoma
100%
Africa WestMoroccoFes
100%
Africa WestSierra LeoneFreetown
100%
Africa SouthBotswanaGaborone
100%
Africa SouthZimbabweHarare
100%
Africa SouthSouth AfricaJohannesburg
100%
Africa CenterSouth SudanJuba
100%
Africa CenterUgandaKampala
100%
Africa EastSudanKhartoum
100%
Africa CenterRwandaKigali
100%
Africa CenterDRCKinshasa
100%
Africa CenterGabonLibreville
100%
Africa CenterMalawiLilongwe
100%
Africa WestTogoLome
100%
Africa SouthAngolaLuanda
100%
Africa SouthZambiaLusaka
100%
Africa EastEgyptLuxor
100%
Africa SouthMozambiqueMaputo
100%
Africa WestMoroccoMarrakesh
100%
Africa SouthEswatiniMbabane
100%
Africa EastSomaliaMogadishu
100%
Africa EastKenyaMombasa
100%
Africa WestLiberiaMonrovia
100%
Africa EastKenyaNairobi
100%
Africa EastChadN'Djamena
100%
Africa WestNigerNiamey
100%
Africa WestMauritaniaNouakchott
100%
Oceania EastNew CaledoniaNoumea
100%
Africa WestAlgeriaOran
100%
Oceania WestAustraliaPerth
100%
Africa SouthMauritiusPort Louis
100%
Oceania EastPapua New GuineaPort Moresby
100%
Africa EastEgyptPort Said
100%
Africa WestMoroccoRabat
100%
Oceania EastAustraliaSydney
100%
Africa WestMoroccoTangier
100%
Africa EastLibyaTripoli
100%
Africa WestTunisiaTunis
100%
Oceania EastNew ZealandWellington
100%
Africa SouthNamibiaWindhoek
100%
Africa WestIvory CoastYamoussoukro
100%
Africa CenterCameroonYaounde
100%
Africa EastSudanAbri
50%
Middle East LowerUAEAbu Dhabi
50%
Africa WestNigerAgadez
50%
Middle East UpperSyriaAleppo
50%
Middle East LowerJordanAmman
50%
Middle East UpperTurkeyAnkara
50%
Africa EastEgyptAsyut
50%
Middle East LowerIraqBaghdad
50%
Middle East UpperAzerbaijanBaku
50%
Southeast Asia EastBruneiBandar Seri Begawan
50%
Southeast Asia EastThailandBangkok
50%
Africa WestThe GambiaBanjul
50%
Middle East UpperTurkeyBatman
50%
Middle East UpperLebanonBeirut
50%
Africa EastLibyaBenghazi
50%
Africa WestMoroccoBeni Mellal
50%
Africa CenterMalawiBlantyre
50%
Africa SouthSouth AfricaBloemfontein
50%
Africa EastChadBol
50%
Africa CenterBurundiBujumbura
50%
Southeast Asia WestIndiaChennai
50%
Oceania EastNew ZealandChristchurch
50%
Africa WestGuineaConakry
50%
Africa WestAlgeriaConstantine
50%
Africa WestWestern SaharaDakhla
50%
Middle East UpperSyriaDamascus
50%
Southeast Asia EastThe PhilippinesDavao City
50%
Southeast Asia WestBangladeshDhaka
50%
Middle East LowerQatarDoha
50%
Africa CenterCameroonDouala
50%
Middle East LowerUAEDubai
50%
Africa SouthSouth AfricaDurban
50%
Middle East UpperTajikistanDushanbe
50%
Africa WestWestern SaharaEl-Aaiun
50%
Africa WestTunisiaGabes
50%
Africa WestGuinea-BissauGabu
50%
Africa WestTunisiaGafsa
50%
Africa EastEthiopiaGambela
50%
Africa EastKenyaGarissa
50%
Africa EastEgyptGiza
50%
Africa WestMoroccoGuelmim
50%
Southeast Asia EastVietnamHanoi
50%
Africa EastSomaliaHargeisa
50%
Oceania EastAustraliaHobart
50%
Southeast Asia EastVietnamHo Chi Minh City
50%
Oceania EastSolomon IslandsHoniara
50%
Middle East UpperPakistanIslamabad
50%
Middle East UpperTurkeyIstanbul
50%
Southeast Asia EastIndonesiaJakarta
50%
Middle East LowerIsraelJerusalem
50%
Africa CenterDRCKabinda
50%
Middle East UpperAfghanistanKabul
50%
Africa WestNigeriaKano
50%
Africa EastSudanKassala
50%
Southeast Asia WestNepalKathmandu
50%
Oceania EastNorfolk Island*Kingston
50%
Africa EastKenyaKisumu
50%
Middle East LowerKuwaitKuwait City
50%
Africa CenterDRCLubumbashi
50%
Africa CenterEquatorial GuineaMalabo
50%
Africa WestGuineaMamou
50%
Africa SouthMayotte*Mamoudzou
50%
Middle East LowerBahrainManama
50%
Southeast Asia EastThe PhilippinesManila
50%
Africa SouthLesothoMaseru
50%
Oceania EastWallis and Futuna*Mata'utu
50%
Middle East LowerSaudi ArabiaMecca
50%
Oceania EastAustraliaMelbourne
50%
Africa EastLibyaMisrata
50%
Africa SouthComorosMoroni
50%
Southeast Asia WestIndiaMumbai
50%
Africa EastLibyaMurzuq
50%
Middle East LowerOmanMuscat
50%
Southeast Asia EastMyanmarNaypyidaw
50%
Southeast Asia WestIndiaNew Delhi
50%
Middle East UpperCyprusNicosia
50%
Oceania EastTongaNuku'alofa
50%
Oceania EastAmerican Samoa*Pago Pago
50%
Southeast Asia EastCambodiaPhnom Penh
50%
Africa CenterCongoPointe-Noire
50%
Africa SouthSouth AfricaPort Elizabeth
50%
Africa CenterGabonPort-Gentil
50%
Africa WestNigeriaPort Harcourt
50%
Africa WestBeninPorto-Novo
50%
Africa EastSudanPort Sudan
50%
Oceania EastVanuatuPort Vila
50%
Middle East LowerSaudi ArabiaRiyadh
50%
Africa SouthReunion*Saint-Denis
50%
Middle East LowerYemenSana'a
50%
Africa WestIvory CoastSan-Pedro
50%
Africa WestTunisiaSfax
50%
Southeast Asia EastSingaporeSingapore
50%
Africa WestWestern SaharaSmara
50%
Africa WestTunisiaSousse
50%
Southeast Asia EastIndonesiaSurabaya City
50%
Oceania EastFijiSuva
50%
Middle East UpperGeorgiaTbilisi
50%
Middle East UpperIranTehran
50%
Southeast Asia WestBhutanThimphu
50%
Southeast Asia EastLaosVientiane
50%
Africa EastKenyaWajir
50%
Middle East UpperArmeniaYerevan
50%
Africa EastChadAbeche
0%
Africa EastSudanAd-Damazin
0%
Africa WestMoroccoAgadir
0%
Southeast Asia WestIndiaAhmedabad
0%
Oceania WestAustraliaAlbany
0%
Africa EastSudanAl-Fashir
0%
Africa EastLibyaAl-Jawf
0%
Africa WestWestern SaharaAl Mahbes
0%
Africa SouthMadagascarAmbanja
0%
Africa SouthMadagascarAmbovombe
0%
Oceania WestAustraliaAmpilatwatja
0%
Africa EastChadAm Timan
0%
Africa SouthMadagascarAndapa
0%
Africa WestAlgeriaAnnaba
0%
Middle East UpperTurkeyAntalya
0%
Africa SouthMadagascarAntsiranana
0%
Africa EastEthiopiaArba Minch
0%
Africa EastLibyaAwbari
0%
Africa CenterSouth SudanAweil
0%
Africa EastLibyaAwjilah
0%
Africa EastEthiopiaBahur Dar
0%
Africa EastSomaliaBaidoa
0%
Southeast Asia EastIndonesiaBalikpapan
0%
Oceania EastAustraliaBallarat
0%
Africa WestSenegalBallou
0%
Africa CenterCARBambari
0%
Africa CenterCameroonBamenda
0%
Africa EastSomaliaBandarbeyla
0%
Africa EastChadBardai
0%
Middle East LowerIraqBasra
0%
Africa SouthSouth AfricaBeaufort West
0%
Oceania EastAustraliaBedourie
0%
Africa SouthMozambiqueBeira
0%
Africa EastSomaliaBeledweyne
0%
Southeast Asia WestIndiaBengaluru
0%
Africa WestTunisiaBen Gardane
0%
Southeast Asia EastIndonesiaBengkulu
0%
Africa EastSomaliaBerbera
0%
Africa CenterCARBerberati
0%
Southeast Asia WestIndiaBhopal
0%
Africa WestWestern SaharaBir Anzerane
0%
Oceania EastAustraliaBirdsville
0%
Africa WestBurkina FasoBobo-Dioulasso
0%
Africa WestGuineaBoke
0%
Africa WestAlgeriaBordj Bou
0%
Oceania WestAustraliaBorroloola
0%
Africa EastSomaliaBosaso
0%
Africa WestMoroccoBouarfa
0%
Africa WestWestern SaharaBoucraa
0%
Oceania EastAustraliaBoulia
0%
Africa CenterCARBria
0%
Oceania WestAustraliaBroome
0%
Africa SouthZimbabweBulawayo
0%
Africa CenterDRCBumba
0%
Africa CenterDRCBunia
0%
Oceania WestAustraliaBusselton
0%
Africa CenterDRCButembo
0%
Oceania EastAustraliaCairns
0%
Oceania WestAustraliaCarnarvon
0%
Oceania EastAustralia†Carpentaria
0%
Africa WestGuinea-BissauCatio
0%
Oceania WestAustraliaCervantes
0%
Oceania EastAustraliaCharleville
0%
Southeast Asia EastThailandChiang Mai
0%
Africa SouthMozambiqueChimoio
0%
Africa SouthZambiaChinsali
0%
Africa SouthZambiaChipata
0%
Oceania WestAustraliaCocklebiddy
0%
Southeast Asia WestSri LankaColombo
0%
Oceania WestAustraliaCoral Bay
0%
Africa SouthAngolaCuvelai
0%
Southeast Asia EastVietnamDa Nang
0%
Africa WestTunisiaDehiba
0%
Oceania WestAustraliaDerby
0%
Africa EastEthiopiaDessie
0%
Africa EastSudanDongola
0%
Oceania EastNew ZealandDunedin
0%
Africa SouthSouth AfricaEast London
0%
Africa WestAlgeriaEl Borma
0%
Africa WestMoroccoEl Hoceima
0%
Africa WestTunisiaEl Kef
0%
Africa EastSudanEl Obeid
0%
Africa EastEgyptEl Qasr
0%
Middle East LowerIraqErbil
0%
Africa WestMoroccoErrachidia
0%
Oceania WestAustraliaEsperance
0%
Africa WestMoroccoEssaouira
0%
Middle East UpperPakistanFaisalabad
0%
Africa EastChadFaya-Largeau
0%
Africa SouthMadagascarFianarantsoa
0%
Africa CenterGabonFranceville
0%
Africa EastSomaliaGalkayo
0%
Middle East UpperAzerbaijanGanja
0%
Africa CenterDRCGemena
0%
Africa SouthSouth AfricaGeorge
0%
Oceania WestAustraliaGeraldton
0%
Africa EastLibyaGhat
0%
Oceania EastAustraliaGladstone
0%
Africa SouthNamibiaGobabis
0%
Africa WestWestern SaharaGuelta Zemmur
0%
Africa CenterUgandaGulu
0%
Africa SouthMozambiqueGurue
0%
Africa SouthZimbabweGweru
0%
Middle East UpperAfghanistanHerat
0%
Africa EastSomaliaHobyo
0%
Oceania WestAustraliaHyden
0%
Southeast Asia WestIndiaHyderabad
0%
Africa CenterCongoImpfondo
0%
Africa CenterDRCIsiro
0%
Africa SouthMadagascarItampolo
0%
Oceania EastIndonesiaJayapura
0%
Africa WestAlgeriaJijel
0%
Africa EastEthiopiaJijiga
0%
Oceania WestAustraliaKalbarri
0%
Africa CenterDRCKalemie
0%
Oceania WestAustraliaKalgoorlie-Boulder
0%
Africa SouthZambiaKalomo
0%
Africa CenterDRCKamina
0%
Africa CenterDRCKananga
0%
Africa SouthBotswanaKang
0%
Africa WestGuineaKankan
0%
Africa SouthZambiaKaoma
0%
Southeast Asia WestIndiaKargil
0%
Oceania WestAustraliaKarratha
0%
Africa SouthNamibiaKatima Mulilo
0%
Oceania EastAustraliaKatoomba
0%
Middle East UpperTurkeyKayseri
0%
Africa SouthNamibiaKeetmanshoop
0%
Africa WestSierra LeoneKenema
0%
Middle East LowerJordanKerak
0%
Africa EastEgyptKharga
0%
Africa CenterDRCKikwit
0%
Africa CenterDRCKindu
0%
Africa CenterDRCKisangani
0%
Africa EastSomaliaKismayo
0%
Africa EastKenyaKitale
0%
Southeast Asia WestIndiaKohima
0%
Southeast Asia WestIndiaKolkata
0%
Africa CenterDRCKolwezi
0%
Southeast Asia EastCambodiaKrong Siem Reap
0%
Africa SouthAngolaKuito
0%
Africa WestGhanaKumasi
0%
Oceania WestAustraliaKununurra
0%
Africa EastSomaliaLaascaanood
0%
Africa CenterGabonLambarene
0%
Southeast Asia EastVietnamLao Cai
0%
Oceania EastAustraliaLaunceston
0%
Africa SouthMozambiqueLichinga
0%
Africa CenterDRCLikasi
0%
Africa CenterTanzaniaLindi
0%
Africa SouthAngolaLobito
0%
Africa EastKenyaLodwar
0%
Oceania EastAustraliaLongreach
0%
Africa SouthZambiaLuanshya
0%
Africa SouthAngolaLucapa
0%
Africa SouthNamibiaLuderitz
0%
Oceania EastAustraliaMackay
0%
Southeast Asia WestIndiaMadurai
0%
Africa SouthMadagascarMahajanga
0%
Africa SouthBotswanaMahalapye
0%
Africa SouthSouth AfricaMahikeng
0%
Africa WestNigeriaMaiduguri
0%
Africa SouthMadagascarMaintirano
0%
Africa CenterTanzaniaMakambako
0%
Africa CenterGabonMakokou
0%
Africa CenterSouth SudanMalakal
0%
Africa SouthAngolaMalanje
0%
Africa EastKenyaMalindi
0%
Southeast Asia EastIndonesiaManado
0%
Africa SouthMadagascarManakara
0%
Southeast Asia EastMyanmarMandalay
0%
Africa SouthZambiaMansa
0%
Africa SouthNamibiaMariental
0%
Oceania WestAustraliaMarla
0%
Africa EastKenyaMarsabit
0%
Africa EastEgyptMarsa Matruh
0%
Middle East UpperIranMashhad
0%
Africa CenterDRCMatadi
0%
Oceania WestAustraliaMataranka
0%
Africa SouthBotswanaMaun
0%
Africa SouthMozambiqueMaxixe
0%
Southeast Asia EastIndonesiaMedan
0%
Middle East LowerSaudi ArabiaMedina
0%
Africa CenterGabonMekambo
0%
Africa EastEthiopiaMek'ele
0%
Africa SouthAngolaMenongue
0%
Oceania EastIndonesiaMerauke
0%
Oceania EastAustraliaMildura
0%
Africa SouthZambiaMongu
0%
Africa SouthMadagascarMorombe
0%
Africa EastChadMoundou
0%
Oceania EastAustraliaMount Isa
0%
Africa CenterTanzaniaMpanda
0%
Middle East LowerYemenMukalla
0%
Africa SouthZimbabweMutare
0%
Africa CenterTanzaniaMwanza
0%
Africa CenterDRCMwene-Ditu
0%
Africa CenterMalawiMzuzu
0%
Africa SouthMozambiqueNacala
0%
Africa WestMoroccoNador
0%
Africa SouthAngolaNamibe
0%
Africa SouthMozambiqueNampula
0%
Oceania WestAustraliaNewman
0%
Africa CenterCameroonNgaoundere
0%
Africa EastSudanNyala
0%
Africa SouthNamibiaOshakati
0%
Africa WestAlgeriaOuargla
0%
Africa WestMoroccoOuarzazate
0%
Africa CenterCongoOuesso
0%
Africa WestMoroccoOujda
0%
Africa WestWestern SaharaOum Dreyga
0%
Africa CenterCongoOwando
0%
Africa CenterEquatorial GuineaOyala
0%
Southeast Asia EastMalaysiaPadang
0%
Africa WestBeninParakou
0%
Southeast Asia WestIndiaPatna
0%
Africa SouthMozambiquePemba
0%
Africa SouthSouth AfricaPolokwane
0%
Southeast Asia EastIndonesiaPontianak
0%
Oceania WestAustraliaPort Augusta
0%
Oceania WestAustraliaPort Hedland
0%
Oceania WestAustraliaPort Lincoln
0%
Africa SouthMozambiqueQuelimane
0%
Southeast Asia WestIndiaRajkot
0%
Middle East UpperSyriaRaqqa
0%
Africa SouthSouth AfricaRichards Bay
0%
Africa WestTunisiaRjim Maatoug
0%
Africa SouthNamibiaRundu
0%
Africa EastLibyaSabha
0%
Africa WestSenegalSaint Louis
0%
Middle East LowerSaudi ArabiaSakakah
0%
Middle East LowerOmanSalalah
0%
Africa EastChadSarh
0%
Africa SouthAngolaSaurimo
0%
Southeast Asia EastLaosSavannakhet
0%
Africa SouthBotswanaSelibe Phikwe
0%
Africa SouthBotswanaSerowe
0%
Africa EastLibyaShahat
0%
Africa EastEgyptSharm El-Sheikh
0%
Africa EastEthiopiaShashamane
0%
Africa EastSudanShendi
0%
Middle East UpperIranShiraz
0%
Africa CenterCongoSibiti
0%
Africa EastLibyaSirte
0%
Africa EastEgyptSiwa Oasis
0%
Africa SouthZambiaSolwezi
0%
Oceania EastIndonesiaSorong
0%
Africa WestGhanaTamale
0%
Oceania WestAustraliaTanami
0%
Africa WestMoroccoTantan
0%
Africa CenterGabonTchibanga
0%
Africa SouthMozambiqueTete
0%
Africa WestAlgeriaTiaret
0%
Africa WestTunisiaTieret
0%
Africa SouthMadagascarToamasina
0%
Africa EastLibyaTobruk
0%
Africa SouthMadagascarToliara
0%
Oceania EastAustraliaTorquay
0%
Africa WestSenegalTouba
0%
Oceania EastAustraliaTownsville
0%
Africa CenterDRCTshikapa
0%
Africa SouthSouth AfricaUpington
0%
Southeast Asia WestIndiaVisakhapatnam
0%
Africa SouthSouth AfricaVredendal
0%
Africa EastLibyaWaddan
0%
Oceania EastAustraliaWagga Wagga
0%
Africa SouthNamibiaWalvis Bay
0%
Oceania WestAustraliaWarburton
0%
Africa SouthNamibiaWarmbad
0%
Oceania EastAustraliaWarnambool
0%
Southeast Asia EastMyanmarYangon
0%
Africa WestMoroccoZagora
0%
Africa WestSenegalZiguinchor
0%

Score Distribution

Percentile by Number Answered

Percent of People with Each Score

Your Score History

You have not taken this quiz since the last reset